000 00837cam a2200253 4500
001 M91291
008 090401t1998 xxu||||| |||| 00| 0 eng d
035 _a(Sirsi) u85758
041 _aeng
050 _a336.21
110 _aUnited Kingdom
_bDepartment of the Environment, Transport and the Regions
_93507
245 _aModernising local government : business rates.
260 _aLondon
_bDETR
_c1998
300 _a29p. ; 30cm.
350 _a0
520 _aConsultation paper. Responses to be sent by 1 June 1998 to The Local Government Finance Review, DETR, Zone 5/G10, Eland House, Bressenden Place, London SW1E 5DU.
650 _aBUSINESS RATES
650 _aLOCAL BUSINESS RATES
650 _aLOCAL GOVERNMENT
650 _aNON-DOMESTIC RATES
690 _aRATING AND VALUATION
942 _n0
948 _c23/04/1998
999 _c97074
_d97074